|
|
|
|
| LEADER |
00000nam a2200000 a 4500 |
| 001 |
vtls010337364 |
| 003 |
SK-MaSNL |
| 005 |
20260301173500.0 |
| 008 |
240318 000 0 eng |
| 040 |
|
|
|a SNK
|b slo
|c SNK
|e AACR2
|
| 100 |
1 |
|
|a Hutteri, Leonharti
|4 aut
|9 544452
|
| 245 |
1 |
0 |
|a Origine & Progressu Formulae Concordiae Ecclesiarum Confessionis Au Gustanae liber Unus:...
|b In quo Ejus orthodoxia Scripturae Sacrae...
|c Leonharti Hutteri
|
| 250 |
|
|
|a [1. vyd.]
|
| 260 |
|
|
|a [s.l.]
|b Apud Joh. Christophorum ...
|c Anno 1690
|
| 300 |
|
|
|a 1460 s.
|
| 999 |
|
|
|c 836765
|d 838695
|
| 952 |
|
|
|a SNK
|b SNK
|y PREZ
|7 0
|p 17A7632910
|o snkIC 57793
|i snkF 1281/74
|8 5
|0 0
|1 0
|4 0
|d 2012-01-24
|l 0
|r 2026-02-24 03:57:20
|w 2026-02-24
|